Arte y técnica de la animación. Clásica, corpórea, computada, para juegos o interactiva.

Na minha lista:
Detalhes bibliográficos
Autor principal: Sáenz Valiente, Rodolfo (autor)
Formato: Livro
Idioma:espanhol
Publicado em: Buenos Aires, Argentina: Ediciones de la Flor, 2006.
Colecção:Manuales.
Assuntos:
Tags: Adicionar Tag
Sem tags, seja o primeiro a adicionar uma tag!

MARC

LEADER 00000nam a22000007a 4500
003 CL-VaPUC
005 20250321101925.0
008 250120t2006 ||||| |||| 00| 0 spa d
999 |c 446627  |d 446625 
020 |a 978-950-515-273-6 
040 |c Pontificia Universidad Católica de Valparaíso 
082 |2 22  |a 741.58 SAE 2006 
100 |9 895555  |a Sáenz Valiente, Rodolfo  |e autor 
245 |a Arte y técnica de la animación.  |b Clásica, corpórea, computada, para juegos o interactiva. 
260 |a Buenos Aires, Argentina:  |b Ediciones de la Flor,  |c 2006. 
300 |a 653 páginas:  |b ilustraciones. 
490 |a Manuales. 
500 |a c.1.c.2 Instituto Arcos. 08-01-2025 
583 |c 20250120  |k Yessy Sthefany Diaz Vidal 
650 0 |9 399363  |a Animación  |x Caricaturas, historietas, etc.  |v Estrategias, técnicas, etc. 
650 0 |9 341013  |a Dibujos animados  |x Digitalización 
650 0 |9 609728  |a Cine de animación  |x Diseño, rodaje, etc. 
942 |2 ddc  |c BK  |n 0 
952 |0 0  |1 0  |2 ddc  |4 0  |6 741_580000000000000_SAE_2006  |7 0  |8 A  |9 599532  |a BIBINC  |b BIBINC  |d 2025-01-20  |e Instituto Arcos  |i 5664482  |l 2  |o 741.58 SAE 2006  |p 5664482  |q 2025-06-05  |r 2025-05-06  |s 2025-05-06  |t 1  |w 2025-01-20  |y BK  |k IFP 
952 |0 0  |1 0  |2 ddc  |4 0  |6 741_580000000000000_SAE_2006  |7 0  |8 A  |9 600166  |a BIBINC  |b BIBINC  |d 2025-01-20  |e Instituto Arcos  |i 5665062  |o 741.58 SAE 2006  |p 5665062  |r 2025-01-30  |t 2  |w 2025-01-20  |y BK  |k IFP